Pokemon Click Quiz - Fighting - Statistics

General Stats
  • This quiz has been taken 59 times
    58 since last reset
  • The average score is 15 of 18
Answer Stats
Hint Answer % Correct
Poison Croagunk
97%
Flying Hawlucha
94%
Ghost Annihilape
90%
Fire Combusken
90%
Grass Virizion
90%
Ice Crabominable
87%
Dragon Hakamo-o
87%
Electric Pawmo
87%
Bug Pheromosa
87%
Water Quaquaval
87%
Rock Terrakion
84%
Psychic Gallade
81%
Ground Great Tusk
81%
Dark Scrafty
77%
Normal Bewear
74%
Fairy Iron Valiant
74%
None/Single Type Pancham
74%
Steel Cobalion
71%
No matching quizzes found
Score Distribution
Percent of People with Each Score
Percentile by Number Answered
Your Score History
You have not taken this quiz since the last reset